00851nam a2200229 i 4500001001000000003000900010005001700019007000300036008004100039040003000080082002400110100004300134245007200177264006200249300003900311336002700350337003300377338002800410600004500438650006600483651007200549000004780DO-SdBNP20260525235029.0ta090727s19-- dr c r 001 0 spa d aDO-SdBNPbspacBNPHUerda 4a972.57293 A797e2231 aArzeno Rodríguez, Luis,eautor4aut.10aEnrique Blanco :b¿héroe o forajido? /cLuis Arzeno Rodríguez. aSanto Domingo :bEditora Publicaciones América,c19--?. a315 páginas :bretratos ;c21 cm atextobtxt2rdacontent asin mediaciónbn2rdamedia avolumenbnc2rdacarrier aBlanco, Enriqued1906-1936vBiografía  72LembaGuerrillasxHistoriaySiglo XXzRepública Dominicana  72LembaRepública Dominicana xHistoriayEra de trujillo, 1930-1961